Prayer: (Record no. 4295)

MARC details
000 -LEADER
fixed length control field 00451nam a22001697a 4500
003 - CONTROL NUMBER IDENTIFIER
control field GBCCL
005 - DATE AND TIME OF LATEST TRANSACTION
control field 20241126110515.0
008 - FIXED-LENGTH DATA ELEMENTS--GENERAL INFORMATION
fixed length control field 180118b xxu||||| |||| 00| 0 eng d
040 ## - CATALOGING SOURCE
Transcribing agency gbc
082 ## - DEWEY DECIMAL CLASSIFICATION NUMBER
Classification number 248.32
Item number RIC
100 ## - MAIN ENTRY--PERSONAL NAME
Personal name Rice, John R.
9 (RLIN) 6944
245 ## - TITLE STATEMENT
Title Prayer:
Remainder of title Asking and Receiving /
Statement of responsibility, etc. John R. Rice
260 ## - PUBLICATION, DISTRIBUTION, ETC.
Name of publisher, distributor, etc. Sword of the Lord Publishers,
Place of publication, distribution, etc. Illinois:
Date of publication, distribution, etc. 1956
300 ## - PHYSICAL DESCRIPTION
Extent 328 p.;
Dimensions 22 cm.
650 ## - SUBJECT ADDED ENTRY--TOPICAL TERM
Topical term or geographic name entry element Prayer
9 (RLIN) 332
942 ## - ADDED ENTRY ELEMENTS (KOHA)
Source of classification or shelving scheme Dewey Decimal Classification
Koha item type Books
Koha issues (borrowed), all copies 16
Holdings
Withdrawn status Lost status Source of classification or shelving scheme Damaged status Not for loan Home library Current Library Shelving location Date acquired Total checkouts Full call number Barcode Date last seen Date last checked out Copy number Price effective from Koha item type
    Dewey Decimal Classification     GRACE BIBLE COLLEGE GRACE BIBLE COLLEGE Ministry & Mission 2018-01-18 7 248.32 RIC 008996 2025-05-01 2023-03-13 c.1 2018-01-18 Books
    Dewey Decimal Classification     GRACE BIBLE COLLEGE GRACE BIBLE COLLEGE Ministry & Mission 2018-03-05 3 248.32 RIC 008999 2025-05-01 2023-03-16 c.2 2018-03-05 Books
    Dewey Decimal Classification     GRACE BIBLE COLLEGE GRACE BIBLE COLLEGE Ministry & Mission 2018-03-09 6 248.32 RIC 009002 2025-05-01 2024-08-08 c.3 2018-03-09 Books
© Grace Bible College Library 2025